• 首页
  • 本馆介绍
  • 公告通知
  • 最新文献
  • 馆藏检索
  • 电子资源
  • 读者导购
  • 参考咨询
  • 我的图书馆
  • 登录
  • 详细信息显示
  • 放入我的书架
  • 预约/预借图书
  • 作者相关作品
  • 分类相关作品
  • 丛书相关作品
  • 出版社相关作品

书目信息

  • 表格格式
  • 工作单格式
  • 卡片格式
题名:
电路与电子技术实验
    
 
作者: 殷志坚 主编
分册:  
出版信息: 成都   西南交通大学出版社  2017.08
页数: 328页
开本: 26cm
丛书名:
单 册:
中图分类: TM13-33
科图分类:
主题词: 电路--实验 , 电子技术--实验
电子资源:
ISBN: 978-7-5643-5629-3
000 00829nam0 2200241 450
001 1046
005 20180927104336.02
010    @a978-7-5643-5629-3@dCNY49.00
100    @a20180217d2017 em y0chiy50 ea
101 0  @achi
102    @aCN@b510000
105    @ay z 000yy
200 1  @a电路与电子技术实验@9dian lu yu dian zi ji shu shi yan@f殷志坚[等]主编
210    @a成都@c西南交通大学出版社@d2017.08
215    @a328页@d26cm
300    @a江西科技师范大学教材出版基金资助
330    @a本书着重介绍电工电路、模拟电路和数字电路课程的基本实验内容和实验方法。每一个实验都以相关的基本理论为基础,提出实验目的、实验原理、实验内容。
606 0  @a电路@x实验
606 0  @a电子技术@x实验
690    @aTM13-33@v5
701  0 @a殷志坚@9yin zhi jian@f(1968-)@4主编
801  0 @aCN@b91MARC@c20180217
905    @aMuseLib@dTM13-33@e166
    
    电路与电子技术实验/殷志坚[等]主编.-成都:西南交通大学出版社,2017.08
    328页;26cm
    江西科技师范大学教材出版基金资助
    
    ISBN 978-7-5643-5629-3:CNY49.00
    本书着重介绍电工电路、模拟电路和数字电路课程的基本实验内容和实验方法。每一个实验都以相关的基本理论为基础,提出实验目的、实验原理、实验内容。
●
相关链接 在E读中查询图书 在五车中查询图书 在当当中查询图书 在豆瓣中查询图书


正题名:电路与电子技术实验     索取号:TM13-33/166         预约/预借

序号 登录号 条形码 馆藏地/架位号 状态 备注
1 1120909   211209093   第二样本阅览室/ [索取号:TM13-33/166] 在馆    
2 1120910   211209100   第三借阅区/ [索取号:TM13-33/166] 在馆    
3 1120911   211209119   第三借阅区/ [索取号:TM13-33/166] 在馆    
4 1120912   211209128   第三借阅区/ [索取号:TM13-33/166] 在馆    
5 1120913   211209137   密集书库-物理学院/ [索取号:TM13-33/166] 在馆    
唐山师范学院图书馆 欢迎您!
大连网信软件有限公司© 版权所有